000 00903nam a2200289 i 4500
003 EG-GICUC
005 20260502094831.0
008 260502s1902 us ||||fr|||| 000 0 eng d
040 _aEG-GiCUC
_beng
_cEG-GiCUC
_dEG-GiCUC
_erda
082 0 4 _221
_a343.6
_bHA . C
092 0 4 _221
099 _aLaw1 10 343.6 HA . C 1902
100 1 _aHall, Arthur Cleveland
_eAuthor.
245 1 0 _aCrime in Its Relations to Social Progress /
_cArthur Cleveland Hall.
_b
_n
264 3 _aNew York :
_bThe Columbia University Press,
_c1902.
300 _a427pages :
_billustrations,
_c24 cm
336 _2rda content
_atext
337 _2rda media
_aComputer
338 _2rda carrier
_aOnline Resource
504 _a
546 _aText in English
650 1 4 _aCriminal law
_2
651 1 _2
856 4 0 _uhttps://fll.law.cu.edu.eg/fulltext/bks/B10-10641.pdf
905 _a50
942 _2ddc
_cBK
_e21
_n0
999 _c74757
_d74757